| 000 | 00562cam a2200205 4500 | ||
|---|---|---|---|
| 001 | M96237 | ||
| 008 | 090401t1999 xxu||||| |||| 00| 0 eng d | ||
| 035 | _a(Sirsi) u99671 | ||
| 041 | _aeng | ||
| 110 |
_aRoyal Institution of Chartered Surveyors _94900 |
||
| 245 | _aEnvironment sub-committee review of the operation of the landfill tax | ||
| 260 |
_aLondon _bRICS _c1999 |
||
| 300 | _a3p. ; 30cm | ||
| 350 | _a0 | ||
| 490 |
_aRICS Policy Unit Submission _vPU/SUB/001 |
||
| 650 | _aLANDFILL TAX | ||
| 690 | _aTAXATION | ||
| 942 | _n0 | ||
| 948 | _c22/01/1999 | ||
| 999 |
_c99433 _d99433 |
||